000 00547nam a22001697a 4500
008 230504b |||||||| |||| 00| 0 eng d
040 _aNational Science Library
_cNational Science Library
080 _aD 681.3.004.2
_bK3-;1
245 _aProceedings of the 1962 workshop on computer organization
260 _aWashington, D.C.:
_bSpartan Books, Inc.,
_c1963
300 _av, 242p.
650 _aIndustries
653 _aElectrical engineering
700 _aBarnum, Alan A (Ed.)
700 _aKnapp, Morris A (Ed.)
942 _2udc
_cPR
999 _c27071
_d27071